| 000 | 01097 a2200325 4500 | ||
|---|---|---|---|
| 003 | BJBSDDR | ||
| 005 | 20250422132750.0 | ||
| 007 | ta | ||
| 008 | 220321s2019 sp ||||| |||| 00| 0 spa d | ||
| 020 | _a9788445006122 | ||
| 020 | _a8445006126 | ||
| 040 |
_bspa _cBJBSDDR |
||
| 041 | _aspa | ||
| 050 | 1 | 4 |
_aPN 6737 _bG643m 2019 |
| 082 | 0 | 0 | _a741.5 |
| 100 | 1 |
_aGonzález-Campos, Arturo, _d1969- _920918 |
|
| 245 | 1 | 0 |
_aMarvel: _b¡qué hermosa eres!/ _cArturo González-Campos, José Fonollosa |
| 260 |
_aBarcelona _bBarcelona Ediciones Minotauro, _c2019 |
||
| 300 |
_a271 páginas : _bilustraciones (blanco y negro) ; _c21 cm |
||
| 500 | _aEn la portada: Todopoderosos | ||
| 610 | 4 |
_aMarvel Comics Group _xHistoria |
|
| 610 | 0 | _aMarvel Studios | |
| 650 | 4 |
_aCómics _xHistoria y crítica _941670 _zEstados Unidos |
|
| 650 | 4 |
_aTiras cómicas, historietas, etc. _915076 |
|
| 650 | 4 |
_aSuperhéroes _xPelículas cinematográficas _939766 |
|
| 650 | 4 |
_aPelículas de ciencia ficción _910699 |
|
| 700 | 1 |
_aFonollosa, José Miguel, _d1975- _941672 |
|
| 942 |
_2lcc _cBK |
||
| 946 | _irmza | ||
| 999 |
_c116034 _d116034 |
||